Online
Catalog

La vida de miranda / (Record no. 35636)

MARC details
000 -CABECERA
campo de control de longitud fija 00864nam a2200229 u 4500
001 - NÚMERO DE CONTROL
campo de control 000036145
005 - FECHA Y HORA DE LA ÚLTIMA TRANSACCIÓN
campo de control 20200930074921.0
008 - DATOS DE LONGITUD FIJA--INFORMACIÓN GENERAL
campo de control de longitud fija 111219s1967 ve a r 001 0 spa d
040 ## - FUENTE DE LA CATALOGACIÓN
Centro catalogador/agencia de origen DO-SdBNP
Lengua de catalogación spa
Centro/agencia transcriptor BNPHU
082 ## - NÚMERO DE LA CLASIFICACIÓN DECIMAL DEWEY
Número de clasificación 987.04
Número de documento/Ítem M672zR
100 1# - ENTRADA PRINCIPAL--NOMBRE DE PERSONA
Nombre de persona Robertson, William Spence
Fechas asociadas al nombre 1872-1955
9 (RLIN) 10351
245 10 - MENCIÓN DE TÍTULO
Título La vida de miranda /
Mención de responsabilidad, etc. William Spence Robertson; traducción original de Julio E. Payró; edición revisada y compulsada por Pedro Grases.
260 ## - PUBLICACIÓN, DISTRIBUCIÓN, ETC.
Lugar de publicación, distribución, etc. Caracas :
Nombre del editor, distribuidor, etc. Banco Industrial de Venezuela,
Fecha de publicación, distribución, etc. 1967.
300 ## - DESCRIPCIÓN FÍSICA
Extensión 491 p.
500 ## - NOTA GENERAL
Nota general Incluye índice
505 0# - NOTA DE CONTENIDO CON FORMATO
Nota de contenido con formato Bibliografía : p.455-468
600 14 - PUNTO DE ACCESO ADICIONAL DE MATERIA--NOMBRE DE PERSONA
Nombre de persona MIRANDA, FRANCISCO DE,
Fechas asociadas al nombre 1750-1816
9 (RLIN) 10352
650 #4 - PUNTO DE ACCESO ADICIONAL DE MATERIA--TÉRMINO DE MATERIA
Término de materia o nombre geográfico como elemento de entrada Revolucionarios
Subdivisión geográfica América Del Sur
Subdivisión de forma BIOGRAFÍAS
9 (RLIN) 10353
700 12 - PUNTO DE ACCESO ADICIONAL--NOMBRE DE PERSONA
Nombre de persona Payró, Julio E.
Término indicativo de función/relación trad.
9 (RLIN) 10354
700 12 - PUNTO DE ACCESO ADICIONAL--NOMBRE DE PERSONA
Nombre de persona Grases, Pedro.
9 (RLIN) 10355
910 ## - DATOS DE OPCIÓN DEL USUARIO (OCLC)
Datos de opción del usuario Validado. Control de calidad MFF
Holdings
Estado de retiro Estado de pérdida Restricciones de uso No para préstamo Código de colección Localización permanente Ubicación/localización actual Ubicación en estantería Fecha de adquisición Número de inventario Total de préstamos Signatura topográfica completa Código de barras Fecha visto por última vez Precio válido a partir de Tipo de ítem Koha Nota pública
      Excluido de préstamo Raros y valiosos General General Depósito 19.12.2011 LF1   987.04 M672zR 36145-10 25.06.2020 25.06.2020 No se presta Perteneció a la biblioteca personal de Juan Isidro Jimenes Grullón

Powered by Koha